000
00261nam a2200097Ia 4500
001
1064218
005
20250827001711.0
008
250824s9999 xx 000 0 und d
245
0
_a
YAKIN TARİHİN KARA DELİKLERİ
_c
MUSTAFA ARMAĞAN
260
_b
KETEBE YAYINLARI
999
_c
1064218
_d
1064218